| 000 | 004780000a22001690004500 | ||
|---|---|---|---|
| 020 | _a0-912552-86-7 | ||
| 041 | 0 | _aENG | |
| 082 | 0 | 4 | _aG 253 E576g |
| 245 | 1 | 0 | _aGod so loves the city : Seeking a theology for Urban Mission / Charles Van Engen, Jude Tiersma, Editores |
| 260 | _aMorovia, CA., USA : MARC | ||
| 300 | _a313 Pag | ||
| 001 | 6277 | ||
| 942 | _cBK | ||
| 999 |
_c36550 _d36550 |
||
| 336 |
_atexto _btxt _2rdacontent |
||
| 337 |
_2rdamedia _asin mediación _bn |
||
| 338 |
_2rdacarrier _avolumen _bnc |
||